LIBRARY & INFORMATION CENTRE, KCAET, TAVANUR

ONLINE PUBLIC ACCESS CATALOGUE (OPAC)

Managing food processing industries in India, Part 2 & 3 / (Record no. 9929)

MARC details
000 -LEADER
fixed length control field 00562cam a2200205ua 4500
020 ## - INTERNATIONAL STANDARD BOOK NUMBER
ISBN 81-204-0841-1
041 ## - LANGUAGE CODE
Language code of text/sound track or separate title eng
082 ## - DEWEY DECIMAL CLASSIFICATION NUMBER
Classification number 664.02
Item number SRI/MA
100 ## - MAIN ENTRY--AUTHOR NAME
Personal name Srivastava, U K .
245 ## - TITLE STATEMENT
Title Managing food processing industries in India, Part 2 & 3 /
250 ## - EDITION STATEMENT
Edition statement 1 /
260 ## - PUBLICATION, DISTRIBUTION, ETC. (IMPRINT)
Place of publication New Delhi :
Name of publisher Oxford & IBH Publishing company ,
Year of publication 1994.
300 ## - PHYSICAL DESCRIPTION
Number of Pages 520 ; .
700 1# - ADDED ENTRY--PERSONAL NAME
Personal name Patel, N T .
942 ## - ADDED ENTRY ELEMENTS (KOHA)
Koha item type Books
Holdings
Withdrawn status Lost status Damaged status Home library Current library Date acquired Full call number Accession Number Koha item type
      KAUAET KAUAET 07/04/2012 664.02 18680 Books
      KAUAET KAUAET 07/04/2012 664.02 20016 Books
free website counter